000
00284nam a2200109Ia 4500
008
190216s9999||||xx |||||||||||||| ||und||
100
_a
Reddin J
245
0
_a
Effective Management By Objectives
260
_b
Tata Mcgraw Hill Publishing Company Ltd
_c
1976
300
_a
224p
942
_c
BK
999
_c
4116
_d
4116